[Event "Porticcio op 4th"]
[Site "Porticcio"]
[Date "2017.07.02"]
[Round "1"]
[White "Zhigalko, Sergei"]
[Black "Tomasi, Albert"]
[Result "0-1"]
[WhiteElo "2648"]
[BlackElo "2141"]
[PlyCount "130"]
[EventDate "2017.07.02"]
[EventType "swiss"]
[EventRounds "9"]
[EventCountry "FRA"]
[SourceTitle "CBM 179 Extra"]
[Source "ChessBase"]
[SourceDate "2017.08.23"]
[SourceVersion "1"]
[SourceVersionDate "2017.08.23"]
[SourceQuality "1"]

1. e4 c5 2. Nf3 d6 3. d4 cxd4 4. Qxd4 e5 5. Bb5+ Nd7 6. Qd3 a6 7. Bc4 h6 8. Be3 Qc7 9. Qb3 Nc5 10. Bxc5 dxc5 11. a4 Nf6 12. Nc3 Bd6 13. O-O O-O 14. a5 Rb8 15. Rfe1 Bd7 16. Nh4 b5 17. axb6 Rxb6 18. Qa2 Qb8 19. Rab1 Bb5 20. Nf5 Bxc4 21. Qxc4 Rd8 22. Red1 Bf8 23. Rxd8 Qxd8 24. Qd3 Qb8 25. b3 Rb4 26. Ne3 a5 27. Nc4 a4 28. Nd5 Nxd5 29. exd5 g6 30. d6 e4 31. Qd1 Bg7 32. d7 Qd8 33. Qd5 a3 34. Qxe4 Qxd7 35. Qa8+ Kh7 36. Qxa3 Qf5 37. Qc1 Rb8 38. Qd2 h5 39. Rd1 Ra8 40. Nd6 Qd7 41. g3 Bd4 42. Qf4 Ra2 43. Qxf7+ Qxf7 44. Nxf7 Rxc2 45. Ng5+ Kh6 46. Nh3 g5 47. Kh1 Rb2 48. f4 g4 49. Ng5 Rxb3 50. Ne6 Be3 51. f5 c4 52. Rf1 Rb6 53. Nc7 Bg5 54. Nd5 Rd6 55. Nc3 Rd3 56. Ne4 c3 57. h4 Be3 58. f6 c2 59. f7 Rd8 60. Ng5 c1=Q 61. Rxc1 Bxc1 62. Ne6 Rd1+ 63. Kg2 Ba3 64. f8=Q+ Bxf8 65. Nxf8 Rd6 0-1

[Event "Porticcio op 4th"]
[Site "Porticcio"]
[Date "2017.07.02"]
[Round "5"]
[White "Zhigalko, Sergei"]
[Black "Videnova, Iva"]
[Result "1-0"]
[WhiteElo "2648"]
[BlackElo "2370"]
[PlyCount "117"]
[EventDate "2017.07.02"]
[EventType "swiss"]
[EventRounds "9"]
[EventCountry "FRA"]
[SourceTitle "CBM 179 Extra"]
[Source "ChessBase"]
[SourceDate "2017.08.23"]
[SourceVersion "1"]
[SourceVersionDate "2017.08.23"]
[SourceQuality "1"]

1. e4 c5 2. Nf3 d6 3. Bb5+ Bd7 4. Bxd7+ Qxd7 5. c4 Nf6 6. Nc3 g6 7. d4 cxd4 8. Nxd4 Bg7 9. f3 O-O 10. Be3 Nc6 11. O-O e6 12. Qd2 Rfd8 13. Rad1 a6 14. Na4 Nxd4 15. Nb6 Qc6 16. Bxd4 Rab8 17. Qb4 Nd7 18. Bxg7 Qxb6+ 19. Qxb6 Nxb6 20. Bf6 Rd7 21. b3 e5 22. Rd2 Re8 23. g4 Re6 24. g5 h6 25. h4 Rc7 26. Rfd1 Nd7 27. Rxd6 Nxf6 28. gxf6 b5 29. cxb5 axb5 30. a4 bxa4 31. bxa4 Rc6 32. Rxe6 Rxe6 33. a5 Rxf6 34. Ra1 Ra6 35. Kf2 Kg7 36. Ke3 Kf6 37. Kd3 h5 38. Kc4 g5 39. Kb5 Ra8 40. a6 gxh4 41. Rg1 h3 42. Rh1 Rb8+ 43. Kc6 Rb2 44. Rxh3 Ra2 45. Kb7 Rb2+ 46. Kc6 Ra2 47. Kb7 Rb2+ 48. Kc7 Rc2+ 49. Kd7 Rd2+ 50. Ke8 Kg6 51. Rg3+ Kf6 52. Rh3 Kg6 53. f4 exf4 54. Ra3 Rc2 55. Kd7 Rd2+ 56. Ke7 Rc2 57. a7 Rc7+ 58. Kd6 Rxa7 59. Rxa7 1-0

[Event "Porticcio op 4th"]
[Site "Porticcio"]
[Date "2017.07.02"]
[Round "6"]
[White "Yankelevich, Lev"]
[Black "Zhigalko, Sergei"]
[Result "0-1"]
[WhiteElo "2453"]
[BlackElo "2648"]
[PlyCount "94"]
[EventDate "2017.07.02"]
[EventType "swiss"]
[EventRounds "9"]
[EventCountry "FRA"]
[SourceTitle "CBM 179 Extra"]
[Source "ChessBase"]
[SourceDate "2017.08.23"]
[SourceVersion "1"]
[SourceVersionDate "2017.08.23"]
[SourceQuality "1"]

1. d4 Nf6 2. c4 e6 3. Nc3 Bb4 4. Qc2 O-O 5. Nf3 d6 6. e3 Nbd7 7. Bd2 b6 8. a3 Bxc3 9. Bxc3 Bb7 10. Bd3 c5 11. Ng5 h6 12. Nh7 Nxh7 13. Bxh7+ Kh8 14. Be4 Bxe4 15. Qxe4 Nf6 16. Qd3 cxd4 17. Qxd4 e5 18. Qd3 Qc7 19. O-O Rac8 20. Rfd1 Rfd8 21. Rd2 Ne8 22. Rad1 f6 23. b3 b5 24. Qd5 Qb6 25. Bb4 a5 26. c5 Qa7 27. cxd6 Rd7 28. Qxb5 axb4 29. Qxb4 Rb8 30. Qc4 Qxa3 31. Qe6 Rbd8 32. h4 Qb4 33. h5 Qb8 34. e4 Rxd6 35. Rxd6 Rxd6 36. Rxd6 Nxd6 37. f3 Nb5 38. b4 Nd4 39. Qf7 Nc2 40. b5 Na3 41. Qb3 Nxb5 42. Qf7 Nd4 43. Kf2 Qc8 44. Qe7 Ne6 45. Kg3 Nf4 46. Qf7 Qg8 47. Qg6 Nxg6 0-1

[Event "Porticcio op 4th"]
[Site "Porticcio"]
[Date "2017.07.06"]
[Round "7"]
[White "Zhigalko, Sergei"]
[Black "Cornette, Matthieu"]
[Result "0-1"]
[WhiteElo "2648"]
[BlackElo "2606"]
[PlyCount "92"]
[EventDate "2017.07.02"]
[EventType "swiss"]
[EventRounds "9"]
[EventCountry "FRA"]
[SourceTitle "CBM 179 Extra"]
[Source "ChessBase"]
[SourceDate "2017.08.23"]
[SourceVersion "1"]
[SourceVersionDate "2017.08.23"]
[SourceQuality "1"]

1. e4 c5 2. Nf3 Nc6 3. Bb5 g6 4. Bxc6 dxc6 5. d3 Bg7 6. h3 Nf6 7. Nc3 b6 8. O-O O-O 9. Bf4 Ne8 10. Qd2 f6 11. Bh6 e5 12. Nh2 g5 13. Bxg7 Nxg7 14. b3 a5 15. Ng4 Bxg4 16. hxg4 Qd7 17. Qd1 Rf7 18. Na4 Ra6 19. Nc3 Ra7 20. Na4 Ra6 21. Nc3 Ra7 22. a4 Rf8 23. Re1 Rb7 24. Re3 Qe8 25. Rh3 Qc8 26. Qe2 Ne6 27. g3 Nd4 28. Qd1 Rd8 29. Kg2 Qe6 30. Rh6 Rbd7 31. Ra3 Kg7 32. Rh1 Rd6 33. Nb1 Nxc2 34. Qxc2 Rxd3 35. Qe2 R8d7 36. b4 Qc4 37. Rxd3 Rxd3 38. Kh2 axb4 39. Rd1 Rd4 40. Qxc4 Rxc4 41. Rd7+ Kg6 42. Nd2 Rc2 43. Kg2 c4 44. Nf1 Rc3 45. Rb7 Rd3 46. Rxb6 c5 0-1

[Event "Porticcio op 4th"]
[Site "Porticcio"]
[Date "2017.07.02"]
[Round "8"]
[White "Debray, Christopher"]
[Black "Zhigalko, Sergei"]
[Result "0-1"]
[WhiteElo "2345"]
[BlackElo "2648"]
[PlyCount "66"]
[EventDate "2017.07.02"]
[EventType "swiss"]
[EventRounds "9"]
[EventCountry "FRA"]
[SourceTitle "CBM 179 Extra"]
[Source "ChessBase"]
[SourceDate "2017.08.23"]
[SourceVersion "1"]
[SourceVersionDate "2017.08.23"]
[SourceQuality "1"]

1. d4 Nf6 2. c4 e6 3. g3 c5 4. Nf3 cxd4 5. Nxd4 Bb4+ 6. Bd2 Bc5 7. Nb3 Be7 8. Bg2 Nc6 9. O-O O-O 10. Bf4 d5 11. cxd5 Nxd5 12. Nc3 Nxf4 13. gxf4 Qb6 14. e3 Rd8 15. Qe2 Bd7 16. Rfd1 g6 17. Rac1 Be8 18. Na4 Rxd1+ 19. Qxd1 Qc7 20. Nd4 Rd8 21. Qe1 e5 22. Nxc6 Bxc6 23. Bxc6 bxc6 24. f5 gxf5 25. Qf1 Rd6 26. Qh3 Rg6+ 27. Kf1 Qa5 28. Nc3 Qa6+ 29. Ne2 Qd3 30. a3 Qd5 31. f3 Bc5 32. e4 fxe4 33. fxe4 Rf6+ 0-1

[Event "Porticcio op 4th"]
[Site "Porticcio"]
[Date "2017.07.02"]
[Round "9"]
[White "Zhigalko, Sergei"]
[Black "Sonis, Francesco"]
[Result "1-0"]
[WhiteElo "2648"]
[BlackElo "2440"]
[PlyCount "85"]
[EventDate "2017.07.02"]
[EventType "swiss"]
[EventRounds "9"]
[EventCountry "FRA"]
[SourceTitle "CBM 179 Extra"]
[Source "ChessBase"]
[SourceDate "2017.08.23"]
[SourceVersion "1"]
[SourceVersionDate "2017.08.23"]
[SourceQuality "1"]

1. e4 e5 2. Nf3 Nc6 3. Bb5 a6 4. Ba4 Nf6 5. O-O Be7 6. Re1 b5 7. Bb3 d6 8. c3 O-O 9. h3 Na5 10. Bc2 c5 11. d4 Qc7 12. Nbd2 Bd7 13. Nf1 Nc4 14. b3 Nb6 15. Ne3 c4 16. bxc4 Nxc4 17. Nxc4 bxc4 18. a4 a5 19. Be3 Rfb8 20. Nd2 Bc8 21. f4 Bb7 22. Qe2 Rc8 23. Rf1 Nd7 24. Qf2 exd4 25. Bxd4 Bf6 26. Rab1 Re8 27. e5 dxe5 28. fxe5 Rxe5 29. Bxe5 Nxe5 30. Qg3 Kh8 31. Nxc4 Ba6 32. Nxe5 Bxe5 33. Qf3 Rf8 34. Bd3 Bxd3 35. Qxd3 Bxc3 36. Rb5 Bb4 37. Qe4 Kg8 38. Rb7 Qg3 39. Qd5 Qg6 40. Kh1 h6 41. Rc7 h5 42. Rc6 Qg3 43. Rxf7 1-0

[Event "TUR-chT"]
[Site "Kocaeli"]
[Date "2017.07.26"]
[Round "1.3"]
[White "Kanmazalp, Ogulcan"]
[Black "Zhigalko, Sergei"]
[Result "0-1"]
[WhiteElo "2445"]
[BlackElo "2648"]
[PlyCount "86"]
[EventDate "2017.07.26"]
[EventType "team-tourn"]
[EventRounds "13"]
[EventCountry "TUR"]
[SourceTitle "CBM 179 Extra"]
[Source "ChessBase"]
[SourceDate "2017.08.23"]
[SourceVersion "1"]
[SourceVersionDate "2017.08.23"]
[SourceQuality "1"]
[WhiteTeam "Istanbul Bogazici Univ"]
[BlackTeam "Kahramanmaras Buyuksehir"]
[WhiteTeamCountry "TUR"]
[BlackTeamCountry "TUR"]

1. Nf3 Nf6 2. c4 e6 3. g3 a6 4. Bg2 b5 5. b3 Bb7 6. Nc3 Bb4 7. Bb2 d6 8. O-O O-O 9. Qc2 bxc4 10. bxc4 Nbd7 11. Rab1 c5 12. a3 Ba5 13. d3 Re8 14. e4 Rb8 15. h3 Ba8 16. Nh4 Ne5 17. f4 Nc6 18. Ne2 Nd7 19. Ba1 Rxb1 20. Rxb1 Qc7 21. g4 Bb6 22. Nf3 Nd4 23. Nexd4 cxd4 24. Qf2 e5 25. f5 Bc5 26. Qa2 Qa5 27. Bb2 Rb8 28. Bc1 Rxb1 29. Qxb1 Bxa3 30. Bxa3 Qxa3 31. f6 g6 32. g5 Bc6 33. h4 a5 34. Bh3 Qb4 35. Qf1 a4 36. h5 a3 37. hxg6 hxg6 38. Be6 a2 39. Qh3 a1=Q+ 40. Kg2 Nf8 41. Bxf7+ Kxf7 42. Qh8 Ke8 43. f7+ Kxf7 0-1

[Event "TUR-chT"]
[Site "Kocaeli"]
[Date "2017.07.27"]
[Round "2.4"]
[White "Zhigalko, Sergei"]
[Black "Mamedov, Rauf"]
[Result "1-0"]
[WhiteElo "2648"]
[BlackElo "2680"]
[PlyCount "103"]
[EventDate "2017.07.26"]
[EventType "team-tourn"]
[EventRounds "13"]
[EventCountry "TUR"]
[SourceTitle "CBM 179 Extra"]
[Source "ChessBase"]
[SourceDate "2017.08.23"]
[SourceVersion "1"]
[SourceVersionDate "2017.08.23"]
[SourceQuality "1"]
[WhiteTeam "Kahramanmaras Buyuksehir"]
[BlackTeam "Istanbul Besiktas"]
[WhiteTeamCountry "TUR"]
[BlackTeamCountry "TUR"]

1. e4 c5 2. Nf3 d6 3. d4 Nf6 4. Nc3 cxd4 5. Nxd4 g6 6. Be3 Bg7 7. f3 Nc6 8. Qd2 O-O 9. Bc4 Bd7 10. O-O-O Rb8 11. Bb3 Na5 12. g4 b5 13. Bh6 Bxh6 14. Qxh6 b4 15. Nd5 Nxb3+ 16. Nxb3 Nxd5 17. exd5 Rb6 18. Rd4 e5 19. dxe6 Bxe6 20. Qd2 Ra6 21. Qxb4 Rxa2 22. Kb1 Ra6 23. Rhd1 Rb6 24. Qa3 Bxb3 25. cxb3 Qb8 26. b4 Re8 27. h4 Qb7 28. Rxd6 Rxd6 29. Rxd6 Qc7 30. Rd1 h6 31. h5 g5 32. Qc3 Qb6 33. Rd7 a6 34. Qc4 Qf6 35. Rd3 Re6 36. Qc8+ Kh7 37. Qc2 Kg8 38. Qc3 Qe7 39. Ka2 Qe8 40. Qd4 Qa4+ 41. Ra3 Qc6 42. Rc3 Qa4+ 43. Ra3 Qc6 44. Qc5 Qd7 45. Qc4 Rc6 46. Qe4 Re6 47. Qc4 Rc6 48. Qb3 Rb6 49. Ra5 Qb7 50. Rc5 Rf6 51. Qc3 Qxf3 52. Rc8+ 1-0

[Event "TUR-chT"]
[Site "Kocaeli"]
[Date "2017.07.28"]
[Round "3.4"]
[White "Mamedov, Nidjat"]
[Black "Zhigalko, Sergei"]
[Result "1/2-1/2"]
[WhiteElo "2589"]
[BlackElo "2648"]
[PlyCount "76"]
[EventDate "2017.07.26"]
[EventType "team-tourn"]
[EventRounds "13"]
[EventCountry "TUR"]
[SourceTitle "CBM 179 Extra"]
[Source "ChessBase"]
[SourceDate "2017.08.23"]
[SourceVersion "1"]
[SourceVersionDate "2017.08.23"]
[SourceQuality "1"]
[WhiteTeam "Panelsan Genc"]
[BlackTeam "Kahramanmaras Buyuksehir"]
[WhiteTeamCountry "TUR"]
[BlackTeamCountry "TUR"]

1. e4 c5 2. Nf3 Nc6 3. d4 cxd4 4. Nxd4 Nf6 5. Nc3 e5 6. Ndb5 d6 7. Bg5 a6 8. Na3 b5 9. Nd5 Be7 10. Bxf6 Bxf6 11. c3 Bg5 12. Nc2 Ne7 13. Ncb4 O-O 14. Be2 Nxd5 15. Nxd5 Rb8 16. O-O Be6 17. a4 bxa4 18. Nb4 Bb3 19. Qd3 Rb6 20. Nxa6 d5 21. exd5 Be7 22. Qe3 Rg6 23. Nb4 Bxb4 24. cxb4 Qxd5 25. g3 Rd6 26. Rfe1 Qd4 27. Qc3 Rb8 28. b5 f6 29. Rec1 Qxc3 30. bxc3 Rc8 31. c4 Rc5 32. Rc3 Kf7 33. Bd3 Ke7 34. Bxh7 Rxc4 35. Rxc4 Bxc4 36. Rxa4 Bxb5 37. Ra1 Bc6 38. Re1 Bf3 1/2-1/2

[Event "TUR-chT"]
[Site "Kocaeli"]
[Date "2017.07.29"]
[Round "4.3"]
[White "Zhigalko, Sergei"]
[Black "Solak, Dragan"]
[Result "1/2-1/2"]
[WhiteElo "2648"]
[BlackElo "2624"]
[PlyCount "47"]
[EventDate "2017.07.26"]
[EventType "team-tourn"]
[EventRounds "13"]
[EventCountry "TUR"]
[SourceTitle "CBM 179 Extra"]
[Source "ChessBase"]
[SourceDate "2017.08.23"]
[SourceVersion "1"]
[SourceVersionDate "2017.08.23"]
[SourceQuality "1"]
[WhiteTeam "Kahramanmaras Buyuksehir"]
[BlackTeam "Canakkale Gokceada"]
[WhiteTeamCountry "TUR"]
[BlackTeamCountry "TUR"]

1. e4 c6 2. d4 d5 3. e5 Bf5 4. Nf3 e6 5. Be2 c5 6. O-O Nc6 7. c3 cxd4 8. Nxd4 Nge7 9. Nxf5 Nxf5 10. Bd3 g6 11. Qe2 Bg7 12. f4 O-O 13. Nd2 f6 14. exf6 Qxf6 15. Nf3 Rae8 16. Bb5 Qd8 17. Kh1 Qb6 18. Ba4 Re7 19. Re1 Kh8 20. Bb3 Na5 21. Bc2 Nc6 22. Bb3 Na5 23. Bc2 Nc6 24. Bb3 1/2-1/2

[Event "TUR-chT"]
[Site "Kocaeli"]
[Date "2017.07.30"]
[Round "5.5"]
[White "Kuzubov, Yuriy"]
[Black "Zhigalko, Sergei"]
[Result "1/2-1/2"]
[WhiteElo "2646"]
[BlackElo "2648"]
[PlyCount "140"]
[EventDate "2017.07.26"]
[EventType "team-tourn"]
[EventRounds "13"]
[EventCountry "TUR"]
[SourceTitle "CBM 179 Extra"]
[Source "ChessBase"]
[SourceDate "2017.08.23"]
[SourceVersion "1"]
[SourceVersionDate "2017.08.23"]
[SourceQuality "1"]
[WhiteTeam "Mersin Zeka"]
[BlackTeam "Kahramanmaras Buyuksehir"]
[WhiteTeamCountry "TUR"]
[BlackTeamCountry "TUR"]

1. d4 Nf6 2. c4 e6 3. g3 c5 4. d5 exd5 5. cxd5 d6 6. Nc3 g6 7. Nf3 Bg7 8. Bg2 O-O 9. O-O Re8 10. Bf4 Bf5 11. Nh4 Bc8 12. Qc1 a6 13. a4 b6 14. Nf3 Ra7 15. Nd2 Nh5 16. Be3 Nd7 17. Nc4 Ne5 18. b3 Rb7 19. Bh6 Bh8 20. h3 b5 21. axb5 axb5 22. Nxe5 Bxe5 23. Ra8 Qb6 24. Ne4 Rb8 25. Rxb8 Qxb8 26. Bd2 b4 27. Bg5 f5 28. Nd2 Ba6 29. Re1 Nf6 30. e4 fxe4 31. Bxf6 Bxf6 32. Nxe4 Bd4 33. Bf1 Bb7 34. Bc4 Rf8 35. Re2 Rf5 36. Qh6 Qd8 37. g4 Bg7 38. Qd2 Re5 39. f4 Re7 40. Ng5 Bd4+ 41. Kh2 Bc8 42. Kg3 h6 43. Nf3 Bf6 44. Qd3 Kg7 45. Ra2 g5 46. fxg5 Bxg5 47. h4 Bf6 48. Bb5 Be5+ 49. Nxe5 Rxe5 50. h5 Qg5 51. Ra7+ Kf8 52. Qf1+ Bf5 53. Be2 Qe3+ 54. Bf3 Be4 55. Ra8+ Kg7 56. Rd8 Bxf3 57. Qxf3 Qxf3+ 58. Kxf3 Rxd5 59. Ke4 Rd1 60. Kf5 Rf1+ 61. Ke6 Re1+ 62. Kf5 Re5+ 63. Kf4 Rd5 64. Ke4 Rd2 65. Kf5 Rf2+ 66. Ke6 Re2+ 67. Kf5 Rf2+ 68. Ke6 Re2+ 69. Kf5 Rf2+ 70. Ke6 Re2+ 1/2-1/2

[Event "TUR-chT"]
[Site "Kocaeli"]
[Date "2017.07.30"]
[Round "6.2"]
[White "Zhigalko, Sergei"]
[Black "Cheparinov, Ivan"]
[Result "0-1"]
[WhiteElo "2648"]
[BlackElo "2703"]
[PlyCount "86"]
[EventDate "2017.07.26"]
[EventType "team-tourn"]
[EventRounds "13"]
[EventCountry "TUR"]
[SourceTitle "CBM 179 Extra"]
[Source "ChessBase"]
[SourceDate "2017.08.23"]
[SourceVersion "1"]
[SourceVersionDate "2017.08.23"]
[SourceQuality "1"]
[WhiteTeam "Kahramanmaras Buyuksehir"]
[BlackTeam "Istanbul Turk Hava"]
[WhiteTeamCountry "TUR"]
[BlackTeamCountry "TUR"]

1. e4 e5 2. Nf3 Nc6 3. Bb5 Nf6 4. O-O Nxe4 5. d4 Nd6 6. Bxc6 dxc6 7. dxe5 Nf5 8. Qxd8+ Kxd8 9. Nc3 Bd7 10. h3 h6 11. b3 b6 12. Bb2 Kc8 13. Rfd1 c5 14. Nd5 a5 15. a4 Ne7 16. c4 Bf5 17. Ne3 Be6 18. Rd2 Kb7 19. Rad1 g5 20. Nd5 Ng6 21. Nf6 Be7 22. Nh2 Bxf6 23. exf6 Rae8 24. Nf1 h5 25. Kh2 g4 26. hxg4 Bxg4 27. f3 Be6 28. Ng3 h4 29. Ne4 Rhg8 30. Ba1 Kc6 31. Bb2 Bf5 32. Ng5 Ne5 33. f4 Ng4+ 34. Kg1 Bg6 35. Nf3 Re3 36. Nxh4 Be4 37. Be5 Rh8 38. Bxc7 Rxh4 39. Bd8 Rg3 40. Rd6+ Kb7 41. Rxb6+ Kc8 42. Rd2 Re3 43. Rd1 Re2 0-1

[Event "TUR-chT"]
[Site "Kocaeli"]
[Date "2017.07.31"]
[Round "7.6"]
[White "Najer, Evgeniy"]
[Black "Zhigalko, Sergei"]
[Result "0-1"]
[WhiteElo "2706"]
[BlackElo "2648"]
[PlyCount "89"]
[EventDate "2017.07.26"]
[EventType "team-tourn"]
[EventRounds "13"]
[EventCountry "TUR"]
[SourceTitle "CBM 179 Extra"]
[Source "ChessBase"]
[SourceDate "2017.08.23"]
[SourceVersion "1"]
[SourceVersionDate "2017.08.23"]
[SourceQuality "1"]
[WhiteTeam "Deniz su Aquamatch"]
[BlackTeam "Kahramanmaras Buyuksehir"]
[WhiteTeamCountry "TUR"]
[BlackTeamCountry "TUR"]

1. d4 Nf6 2. c4 e6 3. Nc3 Bb4 4. Qc2 O-O 5. a3 Bxc3+ 6. Qxc3 d6 7. Nf3 b6 8. b3 Bb7 9. Bb2 Nbd7 10. e3 Ne4 11. Qc2 f5 12. Be2 Qe8 13. O-O Qg6 14. Ne1 e5 15. f3 Ng5 16. dxe5 dxe5 17. Rd1 Rad8 18. Rd2 Nf7 19. Kh1 h5 20. b4 h4 21. c5 bxc5 22. bxc5 e4 23. Rd4 Nde5 24. Ra4 exf3 25. gxf3 Qh6 26. Rxa7 Bd5 27. Rxc7 Qxe3 28. Rg1 Ng4 29. Qc3 Qxc3 30. Bxc3 Rfe8 31. h3 Nf2+ 32. Kh2 Rxe2 33. Rxg7+ Kf8 34. Ng2 Nd1 35. Bf6 Ne3 36. Rg6 Nxg2 37. Rxg2 Rde8 38. Bxh4 f4 39. c6 Ne5 40. Rxe2 Nxf3+ 41. Kg2 Rxe2+ 42. Bf2 Rc2 43. Rc8+ Kf7 44. c7 Nd2+ 45. Kh2 0-1

[Event "TUR-chT"]
[Site "Kocaeli"]
[Date "2017.08.02"]
[Round "8.1"]
[White "Zhigalko, Sergei"]
[Black "Rozum, Ivan"]
[Result "1/2-1/2"]
[WhiteElo "2648"]
[BlackElo "2573"]
[PlyCount "60"]
[EventDate "2017.07.26"]
[EventType "team-tourn"]
[EventRounds "13"]
[EventCountry "TUR"]
[SourceTitle "CBM 179 Extra"]
[Source "ChessBase"]
[SourceDate "2017.08.23"]
[SourceVersion "1"]
[SourceVersionDate "2017.08.23"]
[SourceQuality "1"]
[WhiteTeam "Kahramanmaras Buyuksehir"]
[BlackTeam "Izmir Tas Duvar"]
[WhiteTeamCountry "TUR"]
[BlackTeamCountry "TUR"]

1. e4 c6 2. d4 d5 3. e5 Bf5 4. Nf3 e6 5. Be2 c5 6. O-O Nc6 7. c3 cxd4 8. Nxd4 Nge7 9. Nxf5 Nxf5 10. Bd3 g6 11. Re1 Bg7 12. f4 d4 13. Qf3 O-O 14. Nd2 dxc3 15. bxc3 Nb4 16. Be4 Rc8 17. Ba3 Qb6+ 18. Kh1 Rfd8 19. Bxb4 Rxd2 20. Bxb7 Rb8 21. Bc6 Rc8 22. Bb7 Rb8 23. Be4 Rf2 24. Ba5 Qc5 25. Bb4 Qb6 26. Ba5 Qc5 27. Bb4 Qb6 28. Ba5 Qc5 29. Bb4 Qb6 30. Ba5 Qc5 1/2-1/2

[Event "TUR-chT"]
[Site "Kocaeli"]
[Date "2017.08.04"]
[Round "10.1"]
[White "Kravtsiv, Martyn"]
[Black "Zhigalko, Sergei"]
[Result "1-0"]
[WhiteElo "2657"]
[BlackElo "2648"]
[PlyCount "87"]
[EventDate "2017.07.26"]
[EventType "team-tourn"]
[EventRounds "13"]
[EventCountry "TUR"]
[SourceTitle "CBM 179 Extra"]
[Source "ChessBase"]
[SourceDate "2017.08.23"]
[SourceVersion "1"]
[SourceVersionDate "2017.08.23"]
[SourceQuality "1"]
[WhiteTeam "Karaman Belediye"]
[BlackTeam "Kahramanmaras Buyuksehir"]
[WhiteTeamCountry "TUN"]
[BlackTeamCountry "TUR"]

1. d4 Nf6 2. c4 e6 3. Nc3 Bb4 4. e3 O-O 5. Bd3 d5 6. Nf3 b6 7. O-O Bb7 8. cxd5 exd5 9. a3 Bd6 10. b4 Nbd7 11. Qb3 c6 12. e4 dxe4 13. Nxe4 Nxe4 14. Bxe4 Qc7 15. Bg5 Rfe8 16. Rfe1 h6 17. Bh4 Bf4 18. Rad1 Rab8 19. Bb1 Nf8 20. Bg3 Rxe1+ 21. Rxe1 Bxg3 22. hxg3 Rd8 23. Ba2 Bc8 24. Qc2 Be6 25. Bb1 Bd5 26. Ne5 Qd6 27. Kh2 Rc8 28. f4 Be6 29. Rc1 Bd5 30. Ba2 Ne6 31. Nxf7 Qd7 32. Ne5 Qd6 33. Nf7 Qd7 34. Bxd5 Qxd5 35. Qg6 Nxd4 36. Nxh6+ Kf8 37. Re1 gxh6 38. Qf6+ Kg8 39. Qg6+ Kf8 40. Qxh6+ Kf7 41. Re5 Qd8 42. Qh7+ Kf6 43. g4 Nf3+ 44. gxf3 1-0

[Event "TUR-chT"]
[Site "Kocaeli"]
[Date "2017.08.04"]
[Round "11.6"]
[White "Zhigalko, Sergei"]
[Black "Anton Guijarro, David"]
[Result "1/2-1/2"]
[WhiteElo "2648"]
[BlackElo "2654"]
[PlyCount "149"]
[EventDate "2017.07.26"]
[EventType "team-tourn"]
[EventRounds "13"]
[EventCountry "TUR"]
[SourceTitle "CBM 179 Extra"]
[Source "ChessBase"]
[SourceDate "2017.08.23"]
[SourceVersion "1"]
[SourceVersionDate "2017.08.23"]
[SourceQuality "1"]
[WhiteTeam "Kahramanmaras Buyuksehir"]
[BlackTeam "Manisa TS Alyans"]
[WhiteTeamCountry "TUR"]
[BlackTeamCountry "TUR"]

1. e4 e6 2. d4 d5 3. Nc3 Nf6 4. e5 Nfd7 5. f4 c5 6. Nf3 Nc6 7. Be3 cxd4 8. Nxd4 Bc5 9. Qd2 O-O 10. O-O-O a6 11. Nb3 Be7 12. Kb1 b5 13. Bd3 Bb7 14. Qf2 Qc7 15. Rhf1 Nb4 16. Rc1 Rac8 17. Be2 Nc6 18. Bd3 Nb4 19. Be2 Nc6 20. Bd3 Nb4 21. Ne2 Qb8 22. Ned4 Nxd3 23. cxd3 Ba8 24. h4 b4 25. h5 Rxc1+ 26. Rxc1 Rc8 27. Rf1 Qc7 28. g4 a5 29. f5 Nxe5 30. fxe6 fxe6 31. Nxe6 Qc6 32. Nbc5 d4 33. Bxd4 Nf3 34. Be3 h6 35. Nd4 Qxc5 36. Rc1 Qxc1+ 37. Bxc1 Bc5 38. Be3 Bxd4 39. Bxd4 Rd8 40. Bb6 Rxd3 41. Qe2 Kf7 42. Qxd3 Be4 43. Qxe4 Nd2+ 44. Kc2 Nxe4 45. Bxa5 g6 46. hxg6+ Kxg6 47. Bxb4 Kf7 48. a4 Ke6 49. a5 Kd7 50. a6 Kc7 51. Ba5+ Kb8 52. Bd2 Nf6 53. b4 Nxg4 54. b5 Nf6 55. Kd3 Nd7 56. Kc4 h5 57. Kd5 Ka8 58. Bf4 Nb6+ 59. Kc5 Na4+ 60. Kb4 Nb6 61. Bg3 Nd7 62. Ka5 Ka7 63. Kb4 Ka8 64. Bf2 Nb8 65. Ka5 Nd7 66. Bh4 Ka7 67. Be7 Ka8 68. Kb4 Ka7 69. Bg5 Ka8 70. Bf4 h4 71. Kc4 h3 72. Kd5 Nb8 73. Kc5 Nxa6+ 74. bxa6 h2 75. Bxh2 1/2-1/2

[Event "TUR-chT"]
[Site "Kocaeli"]
[Date "2017.08.05"]
[Round "12.2"]
[White "Swiercz, Dariusz"]
[Black "Zhigalko, Sergei"]
[Result "1-0"]
[WhiteElo "2637"]
[BlackElo "2648"]
[PlyCount "59"]
[EventDate "2017.07.26"]
[EventType "team-tourn"]
[EventRounds "13"]
[EventCountry "TUR"]
[SourceTitle "CBM 179 Extra"]
[Source "ChessBase"]
[SourceDate "2017.08.23"]
[SourceVersion "1"]
[SourceVersionDate "2017.08.23"]
[SourceQuality "1"]
[WhiteTeam "Varyant Yontem"]
[BlackTeam "Kahramanmaras Buyuksehir"]
[WhiteTeamCountry "TUR"]
[BlackTeamCountry "TUR"]

1. c4 e5 2. Nc3 Nf6 3. Nf3 Nc6 4. g3 Bb4 5. Bg2 O-O 6. O-O d6 7. d3 h6 8. Na4 Bc5 9. b3 Re8 10. Bb2 Nd4 11. e3 Nxf3+ 12. Bxf3 Bb6 13. Bg2 Ba5 14. d4 Bg4 15. Qc2 c6 16. e4 b5 17. dxe5 dxe5 18. Nc5 Bb6 19. b4 Nd7 20. h3 Bxc5 21. bxc5 Be6 22. cxb5 cxb5 23. c6 Rc8 24. a4 b4 25. Rfc1 Nb6 26. Bf1 a5 27. Qc5 Na8 28. Bxe5 f6 29. c7 Qd2 30. Bf4 1-0

[Event "Tsaghkadzor op"]
[Site "Tsaghkadzor"]
[Date "2017.11.23"]
[Round "1"]
[White "Kacharava, Nikoloz"]
[Black "Zhigalko, Sergei"]
[Result "1/2-1/2"]
[WhiteElo "2332"]
[BlackElo "2638"]
[PlyCount "94"]
[EventDate "2017.11.23"]
[EventType "swiss"]
[EventRounds "9"]
[EventCountry "ARM"]
[SourceTitle "CBM 181 Extra"]
[Source "ChessBase"]
[SourceDate "2017.12.12"]
[SourceVersion "1"]
[SourceVersionDate "2017.12.12"]
[SourceQuality "1"]

1. e4 c5 2. Nf3 d6 3. d4 Nf6 4. Nc3 cxd4 5. Qxd4 a6 6. e5 Nc6 7. Qa4 dxe5 8. Nxe5 Bd7 9. Nxd7 Qxd7 10. g3 Nd4 11. Qxd7+ Nxd7 12. Kd1 O-O-O 13. Be3 Nf5 14. Ke2 e6 15. Rd1 Be7 16. Bg2 Nxe3 17. Kxe3 Ne5 18. Ke2 Nc4 19. b3 Na3 20. Rxd8+ Rxd8 21. Rd1 Nxc2 22. Nd5 exd5 23. Rc1 Kd7 24. Rxc2 Kd6 25. Kd3 h5 26. b4 g6 27. a3 Rd7 28. f4 Bd8 29. Re2 Bf6 30. Rc2 Bd8 31. Re2 Bf6 32. Rc2 Bg7 33. Rc8 Bb2 34. a4 Bg7 35. b5 axb5 36. axb5 Bf6 37. Bh3 Re7 38. Rd8+ Kc5 39. Rd7 Kxb5 40. Rxe7 Bxe7 41. Bd7+ Kc5 42. Be8 h4 43. Bxf7 g5 44. fxg5 hxg3 45. hxg3 Bxg5 46. Bh5 b5 47. Bd1 b4 1/2-1/2